[Event "Budapest Spring Festival 2018"]
[Site "Budapest"]
[Date "2018.04.22"]
[Round "5"]
[White "Deac, Bogdan-Daniel"]
[Black "Jarmula, Lukasz"]
[Result "1-0"]
[WhiteElo "2578"]
[BlackElo "2492"]
[Annotator "TA"]
[PlyCount "47"]
[EventDate "2018.??.??"]
[EventType "swiss"]
[EventCountry "HUN"]
[SourceTitle "playchess.com"]
[Source "ChessBase"]
[SourceQuality "1"]

{[%evp 18,47,32,34,41,20,27,22,29,27,29,25,27,18,41,32,27,14,39,33,67,59,72,48,52,47,66,70,446,448,514,515]} 1. Nf3 d5 2. d4 Nf6 3. c4 e6 4. Nc3 Be7 5. Bf4 O-O 6. e3 b6 7. Bd3 dxc4 {D37: Queen's Gambit Declined: 5 Bf4} 8. Bxc4 Ba6 9. Qe2 Qc8 10. O-O {LiveBook: 7 Games} Qb7 $146 ({Predecessor:} 10... c5 11. Nb5 Nbd7 12. Rac1 Qb7 13. dxc5 Nxc5 14. b4 Nce4 15. Nfd4 {½-½ (36) Ding,L (2732)-Carlsen,M (2862) Wijk aan Zee 2015}) 11. Rac1 Bxc4 12. Qxc4 Na6 13. Ne5 c5 $1 14. dxc5 Bxc5 15. Bg5 Nd5 16. Nxd5 exd5 17. Qb3 $36 {[%mdl 2048] Black is under pressure.} Rfe8 (17... h6 {feels hotter.} 18. Bh4 d4 19. exd4 Bxd4 20. Nf3 Bc5) 18. Nf3 {[%cal Be5f3,Bf3d4,Bd4f5][%mdl 32]} Be7 19. Bxe7 Rxe7 20. Nd4 Nc5 21. Qb5 a6 22. Qc6 Nd3 $2 {[%mdl 8192] [#]} (22... Qxc6 $14 23. Nxc6 Rd7) 23. Nf5 $1 $18 {[%cal Rf5e7]} Rd7 {[#]} 24. Qc3 $1 {[%mdl 512] Precision: White = 59%, Black = 31%.} 1-0

[Event "Budapest Spring Festival 2018"]
[Site "Budapest"]
[Date "2018.04.22"]
[Round "5"]
[White "Vajda, Levente"]
[Black "Kanmazalp, Ogulcan"]
[Result "1/2-1/2"]
[WhiteElo "2577"]
[BlackElo "2471"]
[Annotator "TA"]
[PlyCount "93"]
[EventDate "2018.??.??"]
[EventType "swiss"]
[EventCountry "HUN"]
[SourceTitle "playchess.com"]
[Source "ChessBase"]
[SourceQuality "1"]

{[%evp 17,93,13,21,12,24,31,26,17,20,31,26,23,43,12,12,23,24,20,26,27,35,33,42,45,53,29,28,0,0,0,0,0,23,20,20,20,20,20,20,20,22,21,21,21,33,15,16,11,16,0,11,11,11,0,21,11,21,11,21,21,29,21,22,22,22,22,29,-8,-3,0,20,20,20,20,22,6,6,6]} 1. e4 e6 2. d4 d5 3. Nd2 c5 4. Ngf3 cxd4 5. exd5 Qxd5 6. Bc4 Qd8 7. Nb3 Nc6 8. Nbxd4 Nxd4 9. Nxd4 {C07: French Tarrasch: 3...c5, 4 Ngf3 and 4 exd5 Qxd5} a6 {LiveBook: 6 Games} 10. c3 $146 ({Predecessor:} 10. O-O Bd6 11. Nf3 b5 12. Bd3 Nf6 13. b3 Bb7 14. Bb2 O-O 15. Re1 Bb4 16. Re5 Qc7 {½-½ (30) Tiviakov,S (2677)-Nyzhnyk,I (2568) Wijk aan Zee 2012}) 10... Qc7 11. Bb3 {White has an edge.} Bd7 12. Qf3 Bd6 13. Bg5 h6 14. Bh4 Ne7 {[%cal Bg8e7,Be7g6,Bg6e5][%mdl 32]} 15. Rd1 Ng6 16. Bg3 Bxg3 17. hxg3 Ne5 18. Qf4 O-O-O 19. O-O Rhf8 20. Rfe1 Nc6 {[#] aiming for ...e5.} 21. Qh4 (21. Qe4 {is more complex.} Na5 22. Bc2 Nc4 23. b4 Nb2 24. Rc1) 21... Kb8 22. Re3 e5 23. Nc2 Bf5 24. Ree1 Rxd1 (24... Bd3 {is interesting.} 25. Ne3 e4 26. g4 f6 27. Qh2 Ne5) 25. Rxd1 Rd8 26. Rxd8+ Qxd8 27. Ne3 Qxh4 28. gxh4 $11 {[%mdl 4096] Endgame KBN-KBN} Bg6 29. g4 f6 30. h5 Bh7 31. Kg2 Ne7 32. a3 Kc7 33. Bc2 Bg8 34. Kf3 a5 35. Be4 b6 36. Ke2 Be6 37. Kd3 Bc8 38. c4 Kd6 39. b3 Be6 40. Kc3 Kc5 41. f3 Bf7 42. Nf1 (42. Bd3 {seems wilder.} Be6 43. b4+ Kd6 44. Bf5 Bf7 45. Be4) 42... f5 {The position is equal.} 43. Ba8 fxg4 44. fxg4 Kd6 45. Ne3 g6 46. hxg6 Bxg6 47. b4 {Precision: White = 51%, Black = 53%.} 1/2-1/2

[Event "Budapest Spring Festival 2018"]
[Site "Budapest"]
[Date "2018.04.22"]
[Round "5"]
[White "Savchenko, Boris"]
[Black "Veinberg, Nimrod"]
[Result "1-0"]
[WhiteElo "2563"]
[BlackElo "2368"]
[Annotator "TA"]
[PlyCount "87"]
[EventDate "2018.??.??"]
[EventType "swiss"]
[EventCountry "HUN"]
[SourceTitle "playchess.com"]
[Source "ChessBase"]
[SourceQuality "1"]

{[%evp 15,87,14,36,16,12,16,18,0,6,22,14,7,13,23,35,0,0,0,0,0,19,14,20,0,31,0,0,0,41,40,30,28,44,6,8,1,8,0,8,0,14,12,12,13,14,6,62,54,45,43,70,68,115,123,209,180,451,114,199,222,598,339,397,392,376,306,357,355,895,893,867,848,1358,1348]} 1. d4 Nf6 2. Nf3 e6 3. e3 d5 4. c4 c5 5. Nc3 a6 6. cxd5 exd5 7. g3 {D40: Queen's Gambit Declined: Semi-Tarrasch with 5 e3} (7. Be2 Nc6 8. O-O cxd4 9. exd4 Be7 10. Ne5 O-O 11. Nxc6 bxc6 12. Re1 Bd6 13. Bg5 Rb8 14. Qc2 Qb6 15. Bxf6 gxf6 16. Na4 Qxd4 17. Qxc6 {0-1 (29) Mamedyarov,S (2809)-Dubov,D (2701) Moscow 2018}) 7... Nc6 8. Bg2 Be7 {LiveBook: 7 Games} 9. h3 {White is slightly better.} O-O 10. O-O Ne4 $146 ({Predecessor:} 10... c4 11. Kh2 Bf5 12. a3 Qd6 13. b4 b5 14. Ne1 h5 15. f4 g6 16. Nf3 Nh7 17. Ne5 Nd8 18. Nxd5 h4 19. g4 Bxg4 20. Nxg4 Bg5 21. Kh1 Be7 22. Nxe7+ Qxe7 23. Bxa8 {1-0 (23) Rutter,B (1772)-Pierre,R (1537) Winnipeg 2005}) 11. Ne2 Be6 12. dxc5 Bxc5 13. Nf4 Rc8 14. a3 Ba7 15. Nd4 Nxd4 16. exd4 Qf6 17. Be3 Rfd8 18. Qd3 Bf5 {Strongly threatening ...Nxg3!} 19. Qb3 Qb6 ({Much weaker is} 19... Bxd4 20. Nxd5 Qe6 21. Bxd4 $14) 20. Qa2 Qd6 21. Rac1 Be6 22. Rfd1 h6 23. Qb3 Qb6 24. Qd3 Nf6 25. b4 Qd6 26. Qb3 Qd7 27. g4 Kf8 28. Nd3 Rxc1 29. Rxc1 {[%cal Bd1c1,Bc1c7,Bc7b7][%mdl 32]} h5 30. Ne5 Qe8 (30... Qe7 $11) 31. gxh5 $14 Nxh5 32. Rc7 Bb8 $1 {[%cal Rb8c7]} 33. Rxb7 {Black must now prevent Qd3.} f6 {[#]} 34. Nd3 $1 {[%cal Rd3c5]} Bf5 {[#]} (34... Qg6 $16) 35. Nc5 $1 $36 {[%mdl 2048] Keeping Black busy.} Bd6 $2 (35... Qg6) 36. Kf1 $2 ({Less strong is} 36. Qxd5 Bh2+ 37. Kxh2 Rxd5 $18) (36. Bxd5 $18 {is the precise move to win.} Qg6+ 37. Kf1) 36... Bc8 (36... Nf4 $16) 37. Qxd5 Qg6 $2 (37... Bxb7 38. Nxb7 Ng3+ 39. fxg3 Qxe3 40. Nxd6 (40. Nxd8 Qd3+ 41. Kg1 Qe3+ 42. Kf1 Qd3+ 43. Kg1 Qe3+ 44. Kf1 $11) 40... Qc1+ 41. Ke2 Qc7) 38. Be4 Bxh3+ 39. Ke1 Qe8 40. Qc6 Bc8 41. Qb6 Bxc5 $2 (41... Nf4 42. Bc6 Bxc5 43. bxc5 Nd5) 42. Qxc5+ {White is clearly winning.} Kg8 43. Bd5+ Kh7 44. Bf7 {Precision: White = 46%, Black = 25%.} 1-0

[Event "Budapest Spring Festival 2018"]
[Site "Budapest"]
[Date "2018.04.22"]
[Round "5"]
[White "Boruchovsky, Avital"]
[Black "Horvath, Dominik"]
[Result "1-0"]
[WhiteElo "2559"]
[BlackElo "2383"]
[Annotator "TA"]
[PlyCount "107"]
[EventDate "2018.??.??"]
[EventType "swiss"]
[EventCountry "HUN"]
[SourceTitle "playchess.com"]
[Source "ChessBase"]
[SourceQuality "1"]

{[%evp 38,107,18,0,14,6,12,15,14,10,11,11,60,76,71,58,58,58,68,61,59,53,62,54,57,48,48,48,48,48,48,48,152,148,136,114,206,208,216,197,512,512,505,500,499,498,484,490,491,487,482,468,460,445,416,391,377,370,370,243,29969,29969,29970,29969,29967,29969,29976,29976,29979,29980,29988,29989]} 1. e4 e5 2. Nf3 Nc6 3. Bb5 a6 4. Ba4 Nf6 5. O-O Be7 6. d3 b5 7. Bb3 d6 8. c3 O-O 9. Re1 Na5 10. Bc2 c5 11. Nbd2 h6 12. Nf1 Nc6 13. Ng3 Re8 14. h3 Bf8 15. d4 exd4 16. cxd4 cxd4 17. Nxd4 {C90: Closed Ruy Lopez with 7...d6: Early deviations} Nxd4 18. Qxd4 Be6 19. Bf4 Rc8 20. Bb3 {LiveBook: 7 Games} a5 21. Rad1 a4 22. Bxe6 Rxe6 23. Qd3 Qe8 24. Bd2 Nd7 $146 ({Find the theoretical novelty and annotate with similar games:} 24... d5 25. exd5 {1-0 (58) Berelowitsch,A (2533)-Markidis,K (2362) Kavala 2002}) 25. Qxb5 Nc5 26. Qxe8 Rcxe8 27. Bc3 Nxe4 28. Nxe4 Rxe4 29. Rxe4 Rxe4 $14 {[%mdl 4096] Endgame KRB-KRB} 30. Kf1 f6 31. f3 Rc4 32. Rd4 Rxd4 33. Bxd4 {KB-KB} Kf7 34. Ke2 Ke6 (34... d5 $14) 35. Kd3 d5 36. Kc3 $1 Bd6 {[#]} (36... Kd7 $16) 37. b3 $1 $18 axb3 38. Kxb3 h5 $2 (38... Be5 {is more resistant.} 39. Bc5 Kd7) 39. a4 {[%cal Ba2a4,Ba4a5,Ba5a6,Ba6a7][%mdl 32]} Kd7 40. a5 Be5 41. Bc5 Kc6 42. a6 g6 43. a7 Kb7 44. Kb4 f5 45. Bf2 Bd6+ 46. Kb5 Be7 47. h4 Bd8 {[#]} 48. f4 $1 {[%cal Bf3f4,Bf4g5,Bg5g6][%mdl 32]} d4 $2 (48... Bc7 $18 49. g3 Bd8 50. a8=Q+ Kxa8) 49. Bxd4 {White mates.} Bxh4 50. Be3 Bd8 51. Kc4 g5 52. fxg5 f4 53. Bxf4 Kxa7 54. g6 {Precision: White = 84%, Black = 33%.} 1-0

[Event "Budapest Spring Festival 2018"]
[Site "Budapest"]
[Date "2018.04.22"]
[Round "5"]
[White "Nguyen, Thai Dai Van"]
[Black "Kozak, Adam"]
[Result "1-0"]
[WhiteElo "2539"]
[BlackElo "2440"]
[Annotator "TA"]
[PlyCount "81"]
[EventDate "2018.??.??"]
[EventType "swiss"]
[EventCountry "HUN"]
[SourceTitle "playchess.com"]
[Source "ChessBase"]
[SourceQuality "1"]

{[%evp 27,81,31,35,26,40,31,33,45,40,12,58,52,88,92,117,113,179,201,208,206,250,245,481,464,518,523,524,512,512,499,620,197,202,197,198,187,188,180,308,178,643,643,613,613,564,562,1551,619,5691,5691,12770,7433,29945,5566,5547,5112]} 1. e4 e5 2. Nf3 Nc6 3. Bb5 a6 4. Ba4 Nf6 5. O-O Be7 6. Re1 b5 7. Bb3 d6 8. c3 O-O 9. h3 Na5 10. Bc2 c5 11. d4 Nd7 12. a4 Bb7 {C96: Closed Ruy Lopez: Chigorin Defence: 11 d4, replies other than 11...Qc7} (12... b4 13. Nbd2 Rb8 14. Nf1 b3 15. Bd3 exd4 16. cxd4 c4 17. Be2 c3 18. Ng3 Nf6 19. Bd3 Nc6 20. d5 {0-1 (37) Quesada Perez,Y (2627)-Caruana,F (2811) chess.com INT 2018}) 13. d5 Qc7 14. b4 Nc4 {LiveBook: 3 Games. White is slightly better.} 15. Nfd2 Nxd2 16. Bxd2 f5 17. exf5 Kh8 $146 ({Predecessor:} 17... Nb6 18. axb5 axb5 {½-½ (65) Ozols,A (2206)-Costachi,M (2229) ICCF email 2016}) 18. Be3 cxb4 19. cxb4 bxa4 20. Bxa4 Nb6 21. Bb3 Nc4 (21... Bf6 $16) 22. Qc2 $1 $18 {[%cal Rc2c4]} Bxd5 23. Nd2 Rac8 {[#]} 24. Rec1 $1 (24. Rxa6 Qb7 $17) 24... Qb8 $2 (24... Qd8) 25. Nxc4 ({Less strong is} 25. Bxc4 Bxc4 26. Nxc4 d5 $16) 25... Bxc4 26. Bxc4 d5 27. Bc5 $1 Bxc5 28. Bxa6 ({And not} 28. bxc5 Rxc5 29. Qd3 Qc7 $14) 28... Bd4 29. Qxc8 $2 (29. Bxc8 Bxa1 30. Qc5) 29... Rxc8 30. Rxc8+ Qxc8 31. Bxc8 Bxa1 {[%mdl 4096] Endgame KB-KB} 32. b5 {[%cal Bb4b5,Bb5b6,Bb6b7][%mdl 32]} Bc3 (32... Bd4 $142 33. Be6 g6) 33. Be6 (33. b6 $142 {White threatens b7 and mate.} Ba5 34. b7) 33... d4 $2 (33... Bd4 34. Bxd5 g5) 34. b6 {b7 would kill now.} Ba5 35. b7 Bc7 36. f3 h5 37. g4 hxg4 38. hxg4 g6 39. fxg6 Kg7 {[#]} 40. Bf5 $1 Kf6 41. Kf1 {Precision: White = 71%, Black = 15%.} 1-0

[Event "Budapest Spring Festival 2018"]
[Site "Budapest"]
[Date "2018.04.22"]
[Round "5"]
[White "Aryan Chopra"]
[Black "Carlstedt, Jonathan"]
[Result "1-0"]
[WhiteElo "2523"]
[BlackElo "2432"]
[Annotator "TA"]
[PlyCount "117"]
[EventDate "2018.??.??"]
[EventType "swiss"]
[EventCountry "HUN"]
[SourceTitle "playchess.com"]
[Source "ChessBase"]
[SourceQuality "1"]

{[%evp 22,117,36,24,35,41,45,22,25,24,68,71,102,96,99,94,95,82,82,82,80,71,80,76,138,84,108,62,63,60,62,31,35,0,0,0,0,0,0,0,0,0,0,0,0,-1,0,0,0,0,0,0,0,0,0,0,0,0,0,0,0,0,0,0,12,10,89,87,95,89,618,486,1501,968,1321,1469,1537,1434,4690,4678,4670,4133,4904,4799,5531,5197,29960,29962,29951,29949,29956,5720,29971,29970,29969,29969,5712,5517]} 1. e4 e5 2. Nf3 Nc6 3. Bb5 a6 4. Ba4 Nf6 5. O-O Bc5 6. c3 b5 7. Bb3 d6 8. a4 Bg4 9. axb5 {C78: Ruy Lopez: Archangelsk and Möller Defences} (9. d3 O-O 10. Nbd2 Na5 11. Ba2 b4 12. h3 Bh5 13. Nc4 Nxc4 14. Bxc4 bxc3 15. bxc3 c6 16. g4 Bg6 {½-½ (35) Adams,M (2744)-Caruana,F (2787) London 2015}) 9... axb5 10. Rxa8 Qxa8 11. h3 Bxf3 12. Qxf3 {LiveBook: 6 Games} Nd8 13. d3 Ne6 14. Qd1 O-O 15. Nd2 b4 $146 ({Find the theoretical novelty and annotate with similar games:} 15... Bb6 16. Nf3 Nc5 {½-½ (49) Gopal,G (2579)-Carlstedt,J (2413) Caleta 2017}) 16. cxb4 Bd4 17. Nf3 d5 18. exd5 Nxd5 19. Re1 f6 20. Bc4 Kh8 21. Qb3 c6 22. b5 Qa7 ({Black should try} 22... Rd8) 23. Rf1 (23. bxc6 Bxf2+ 24. Kh2 Rb8 $15) (23. Be3 $142) 23... Rb8 $16 ({Wrong is} 23... Nc5 $2 24. Qd1 $16) 24. Qa3 Qd7 25. bxc6 Qxc6 26. Nxd4 Nxd4 27. Qa6 Nb6 {[#] Hoping for ...Ra8.} 28. Qa7 Ra8 29. Qf7 Nxc4 30. dxc4 Rc8 31. Be3 Qxc4 32. Qxc4 Rxc4 $11 {[%mdl 4096] Endgame KRB-KRN} 33. Rb1 Rb4 34. Kf1 Kg8 35. Ke1 Kf7 36. Kd2 Nb5 37. b3 Na3 38. Kc3 {Threatens to win with Ra1.} Rb7 39. Ra1 Nb5+ 40. Kc4 Nd6+ 41. Kd5 Nf5 42. Rb1 Nxe3+ 43. fxe3 {KR-KR} Rb4 (43... Ke7 $11 {keeps the balance.}) 44. Kc5 $16 Re4 {[#]} 45. b4 $1 {[%cal Bb3b4,Bb4b5,Bb5b6,Bb6b7][%mdl 32] Black must now prevent b5.} Rxe3 $2 {[%mdl 8192]} (45... Ke7 $16) 46. b5 $18 Rc3+ (46... Ke6 $142 47. b6 Rc3+ 48. Kb4 Rc8) 47. Kd5 Rd3+ 48. Kc4 Rd8 49. b6 Ke6 50. b7 Rb8 51. Kc5 e4 52. Kc6 f5 53. Kc7 Rxb7+ 54. Rxb7 {KR-KP} ({Not} 54. Kxb7 Kd5 $16) 54... Kd5 55. Rb5+ Ke6 56. Kc6 e3 57. Kc5 Ke5 58. Kc4+ Ke4 59. Rb7 {Precision: White = 88%, Black = 41%.} 1-0

[Event "Budapest Spring Festival 2018"]
[Site "Budapest"]
[Date "2018.04.22"]
[Round "5"]
[White "Repka, Christopher"]
[Black "Kulaots, Kaido"]
[Result "1/2-1/2"]
[WhiteElo "2521"]
[BlackElo "2578"]
[Annotator "TA"]
[PlyCount "65"]
[EventDate "2018.??.??"]
[EventType "swiss"]
[EventCountry "HUN"]
[SourceTitle "playchess.com"]
[Source "ChessBase"]
[SourceQuality "1"]

{[%evp 23,65,20,24,14,27,0,16,13,33,13,14,0,0,0,8,0,24,29,22,25,40,27,66,-16,33,36,31,31,31,25,42,37,37,38,42,45,54,0,69,0,68,61,72,0]} 1. Nf3 Nf6 2. g3 g6 3. Bg2 Bg7 4. c4 O-O 5. O-O d6 6. d4 Nc6 7. d5 Nb8 {[%cal Bc6b8,Bb8d7,Bd7c5][%mdl 32]} 8. Nc3 e5 9. c5 Nbd7 10. cxd6 cxd6 11. e4 Nc5 12. Re1 a5 13. Bf1 {E68: King's Indian: Fianchetto: 6...Nbd7 7 0-0 e5 8 e4} Bd7 (13... Bg4 14. h3 Bd7 15. Nd2 Ne8 16. Nb3 Na6 17. Be3 f5 18. Qd2 Nf6 19. a4 Nh5 20. exf5 gxf5 {1-0 (45) Socko,M (2467)-Wisniowska,K (2186) Poland 2015}) 14. a4 $146 ({Predecessor:} 14. b3 b5 15. Nxb5 Nfxe4 16. Bb2 Qb6 17. Na3 f5 18. Nc4 Qa7 19. Qc2 Rf6 20. Kg2 Raf8 21. Nfxe5 dxe5 22. Nxe5 Rd6 23. f3 Nf6 24. Bd4 Rc8 25. Rac1 {1-0 (24) Loedding,D (1964)-Kaufhold,T (1999) Germany 2006}) 14... Ng4 15. h3 {The position is equal.} Nf6 {[%cal Bg4f6,Bf6e8,Be8d6][%mdl 32]} 16. Nd2 Bh6 17. Rb1 Ne8 18. Nb3 Bxc1 19. Nxc5 dxc5 (19... Bh6 {looks sharper.} 20. Nxd7 Qxd7 21. h4 Nc7 22. b4 Na6) 20. Rxc1 Nd6 21. Nb1 f5 22. exf5 Qf6 23. Bg2 (23. Qe2 $14) 23... b6 24. fxg6 Qxf2+ 25. Kh2 $1 {[#] Threatens to win with Qh5.} hxg6 26. Rc2 Qd4 {...Qxd1 is the strong threat.} 27. Nc3 {Strongly threatening Rd2.} Rae8 28. Rd2 Qb4 $1 29. Rde2 Qd4 30. Rd2 Qb4 $1 31. Rde2 Qd4 $1 32. Qb3 $1 {[%cal Rb3b6]} Qb4 33. Qd1 {Precision: White = 56%, Black = 65%.} ({White should try} 33. Qc2 $16 Bf5 34. Qd2) 1/2-1/2

[Event "Budapest Spring Festival 2018"]
[Site "Budapest"]
[Date "2018.04.22"]
[Round "5"]
[White "Golubka, Petro"]
[Black "Rakotomaharo, Fy Antenaina"]
[Result "1/2-1/2"]
[WhiteElo "2509"]
[BlackElo "2415"]
[Annotator "TA"]
[PlyCount "105"]
[EventDate "2018.??.??"]
[EventType "swiss"]
[EventCountry "HUN"]
[SourceTitle "playchess.com"]
[Source "ChessBase"]
[SourceQuality "1"]

{[%evp 16,105,25,24,62,63,87,66,78,61,69,58,53,65,68,57,52,64,68,39,40,37,41,40,53,41,34,19,47,32,43,47,85,57,55,62,60,62,54,51,58,56,56,58,78,67,71,31,22,0,0,0,0,0,4,4,0,8,6,6,87,49,126,75,69,68,68,56,64,40,51,0,16,16,17,18,27,0,7,0,33,0,0,0,0,0,0,0,0,0,0,0]} 1. d4 Nf6 2. Nf3 e6 3. c4 b6 4. a3 Bb7 5. Nc3 Ne4 6. Nxe4 Bxe4 7. Nd2 Bg6 8. g3 Nc6 {E12: Queen's Indian: Unusual White 4th moves, 4 a3, 4 Nc3 Bb7 5 a3 and 4 Nc3 Bb7} 9. e3 {LiveBook: 25 Games} a5 10. b3 Be7 {White is slightly better.} 11. Bg2 O-O 12. O-O Bf6 13. Ne4 Bxe4 14. Bxe4 Rc8 $146 ({Find the theoretical novelty and annotate with similar games:} 14... d5 15. cxd5 exd5 16. Bxh7+ Kxh7 {1-0 (61) Kozul,Z (2580)-Palos,O (2340) Graz 1996}) 15. Bb2 (15. Ra2 {NOTEXT} Ne7 16. d5 Nf5 17. Bg2 Nd6 18. Rc2) 15... Ne7 16. Qc2 g6 17. Rfd1 d5 18. Bg2 c6 19. a4 Qc7 20. Rab1 Rfd8 21. Rbc1 Qb8 22. Qb1 c5 23. cxd5 exd5 24. Rc2 cxd4 25. Bxd4 Bxd4 26. Rxd4 Rc5 27. b4 Rxc2 28. Qxc2 Rc8 29. Qd2 Nc6 30. Rxd5 {[%cal Rb4a5]} Nxb4 31. Rd7 Qe5 $1 32. Rd8+ Rxd8 33. Qxd8+ Kg7 34. Qxb6 Qa1+ $1 35. Bf1 Qxa4 36. Qd4+ Kg8 37. h4 {With the idea h5!} Qe8 (37... h5 $11 {keeps the balance.}) 38. h5 gxh5 {[#]} (38... Qe7 $1 $14) 39. Qc5 (39. Qf6 $142 $1) 39... Qd8 $16 40. Qxh5 Nc6 41. Bc4 Qf6 42. Qb5 Kg7 43. Bd3 (43. Qc5 $14) 43... Qa1+ 44. Kg2 Ne5 45. Bc2 Qc3 46. Be4 Ng6 47. Bd5 Qd2 48. e4 {And now Qe8 would win.} Ne5 {The position is equal.} 49. Qe8 Qc3 50. Kh3 {[#] Threatens to win with f4.} Qa1 {[%cal Ra1h1]} 51. Kg2 Qc3 52. Kh3 {Black must now prevent f4.} Qa1 {[%cal Ra1h1]} 53. Kg2 {Precision: White = 43%, Black = 60%.} 1/2-1/2

[Event "Budapest Spring Festival 2018"]
[Site "Budapest"]
[Date "2018.04.22"]
[Round "5"]
[White "Christiansen, Johan-Sebastian"]
[Black "Onischuk, Vladimir"]
[Result "1/2-1/2"]
[WhiteElo "2498"]
[BlackElo "2630"]
[Annotator "TA"]
[PlyCount "76"]
[EventDate "2018.??.??"]
[EventType "swiss"]
[EventCountry "HUN"]
[SourceTitle "playchess.com"]
[Source "ChessBase"]
[SourceQuality "1"]

{[%evp 16,76,70,13,18,16,16,-39,-37,-27,-39,-35,-35,-32,0,0,0,-4,0,5,7,0,4,0,11,6,0,0,0,0,60,58,51,61,56,74,122,119,113,118,114,125,107,39,820,790,1389,1389,1357,1313,1243,0,1238,0,0,0,1186,0,0,0,0,0,0]} 1. e4 d6 2. d4 Nf6 3. Nc3 g6 4. f4 Bg7 5. Nf3 O-O 6. Be3 Nc6 7. e5 Ng4 {[%cal Bf6g4,Bg4h6,Bh6f5,Bf5d6][%mdl 32]} 8. Bg1 dxe5 9. fxe5 {LiveBook: 5 Games. B09: Pirc Defence: Austrian Attack} (9. dxe5 $14 Nh6 10. Bb5) 9... f6 $11 {[%cal Rf6e5]} 10. h3 Nh6 {[%cal Rf6e5]} 11. e6 (11. exf6 $11 exf6 12. Bf2) 11... Nb4 $15 12. Bc4 {[%cal Bf1c4,Bc4b3,Bb3a4,Ba4c6][%mdl 32]} c6 13. Qe2 {[#]} Nf5 $146 {aiming for ...Ng3.} ({Predecessor:} 13... b5 14. Bb3 a5 15. a4 Nf5 16. Ne4 bxa4 17. Rxa4 {0-1 (29) Zuse,K (2245)-Harikrishna,P (2679) Zuerich 2009}) 14. Bf2 Nd6 15. Bb3 b6 16. O-O-O a5 17. a3 a4 18. Bxa4 Nd5 19. Nxd5 $1 ({Much weaker is} 19. Bxc6 Nxc3 20. bxc3 Rxa3 $17) 19... cxd5 20. Bc6 $36 {[%mdl 2048] White has the initiative.} Ra5 21. Be1 Ba6 22. Qf2 Bh6+ (22... Rxa3 $11 23. bxa3 Ne4) 23. Kb1 $14 Ne4 24. Qh4 Be3 25. Bb4 $1 h5 26. Bxd5 ({Of course not} 26. Bxa5 $6 bxa5 27. Rd3 Bxd3 $11) 26... Qxd5 {[#]} 27. Rde1 $1 {[%cal Re1e3]} Nf2 28. Rxe3 Nxh1 29. Bxe7 ({White should try} 29. Qe1 $16) 29... Re8 $2 {[%mdl 8192] [#]} (29... Rc8 $14) 30. Re5 $3 $18 {[%mdl 512]} fxe5 31. Qf6 Rxe7 32. Qxe7 {Qf7+ would kill now.} exd4 33. Qf7+ Kh8 34. Qf8+ $2 (34. Nh4 $18 {[%cal Rh4g6]} Qg5 35. Nxg6+ Qxg6 36. Qxg6) 34... Kh7 $11 35. Qf7+ Kh8 $2 {[%mdl 8192]} (35... Kh6 $11 36. Qf8+ Kh7 37. Qf7+ Kh6 38. Qf8+ Kh7) 36. Qf8+ $2 (36. Nh4 $18 {[%cal Rh4g6]} Qg5 37. Nxg6+ Qxg6 38. Qxg6) 36... Kh7 {The position is equal.} 37. Qe7+ Kh8 38. Qf8+ Kh7 {Precision: White = 64%, Black = 61%.} 1/2-1/2

[Event "Budapest Spring Festival 2018"]
[Site "Budapest"]
[Date "2018.04.22"]
[Round "5"]
[White "Milanovic, Danilo"]
[Black "Bakalchuk, Johnatan"]
[Result "1/2-1/2"]
[WhiteElo "2488"]
[BlackElo "2410"]
[Annotator "TA"]
[PlyCount "138"]
[EventDate "2018.??.??"]
[EventType "swiss"]
[EventCountry "HUN"]
[SourceTitle "playchess.com"]
[Source "ChessBase"]
[SourceQuality "1"]

{[%evp 25,138,49,39,25,22,24,31,31,24,17,24,16,13,5,6,6,12,18,13,0,0,0,0,0,0,0,0,0,4,0,0,0,0,0,0,0,0,0,0,0,0,0,0,-8,0,0,0,0,0,0,0,-10,0,-9,-1,-4,-6,-7,-6,-5,0,-9,0,0,0,0,0,-3,0,0,0,0,0,0,0,0,0,0,0,0,0,0,0,0,0,0,0,0,0,0,0,0,0,0,0,0,0,0,0,0,0,0,0,0,0,0,0,0,0,0,0,0,0,0,0]} 1. d4 Nf6 2. c4 g6 3. Nc3 Bg7 4. e4 d6 5. Bd3 O-O 6. Nge2 Nc6 7. O-O Nd7 8. Be3 e5 9. d5 Nd4 10. Bb1 c5 {E70: King's Indian: Miscellaneous lines with 4 e4, including 5 Nge2 and 5 Bd3 0-0 6 Nge2} 11. dxc6 bxc6 12. Nxd4 exd4 13. Bxd4 Ne5 {LiveBook: 7 Games} 14. Ne2 c5 15. Bc3 Nxc4 16. Bxg7 Kxg7 17. b3 {[#]} Nb6 $146 ({Predecessor:} 17... Ne5 18. f4 {½-½ (40) Moiseenko,A (2699)-Ding,L (2714) Biel 2013}) 18. Qd2 Bb7 {The position is equal.} 19. Rd1 Qf6 20. Qc3 Rfd8 21. Bd3 Rac8 22. Rac1 Qxc3 23. Nxc3 c4 24. bxc4 Nxc4 25. Bf1 Nb6 26. f3 d5 27. Nxd5 Rxc1 28. Rxc1 {aiming for Nxb6.} Bxd5 29. exd5 Rxd5 $11 {[%mdl 4096] Endgame KRB-KRN} 30. Rc2 g5 31. Kf2 Ra5 32. Ke3 h5 33. Rb2 Kf6 34. Kd4 Rd5+ 35. Ke4 {[#] Black must now prevent Rxb6+!} Re5+ 36. Kd4 Rd5+ 37. Ke3 Rd1 38. Ke2 Rd4 39. Ke3 Ke5 40. Rb5+ Nd5+ 41. Kf2 Ra4 42. a3 f5 {[%cal Bf7f5,Bf5f4][%mdl 32]} 43. g3 f4 44. Bd3 a6 45. Rb3 Kd4 46. Be2 Ra5 47. Rd3+ Ke5 48. Rb3 Rc5 49. Bxa6 Rc2+ 50. Kg1 h4 51. gxh4 gxh4 52. h3 Ne3 53. Bb7 Rg2+ 54. Kh1 {[#] Strongly threatening Rxe3+.} Rg3 55. Kh2 Rg2+ 56. Kh1 Rg3 57. Kh2 Nf1+ 58. Kh1 Nd2 59. Rb5+ Kd4 60. Kh2 Ke3 61. a4 Kf2 62. Rb2 Rg2+ 63. Kh1 Rg1+ 64. Kh2 Rg2+ 65. Kh1 Kg3 {( -> ...Re2)} 66. Rb6 {Rg6+ is the strong threat.} Rh2+ (66... Kf2 $5 67. Rb2 $8 $11) 67. Kg1 {Rg6+ would kill now.} Rg2+ 68. Kh1 {And now Rg6+ would win.} Rh2+ (68... Kf2 $5 69. Rb2 $8 $11) 69. Kg1 {White wants to mate with Rg6+.} Rg2+ {Precision: White = 65%, Black = 78%.} 1/2-1/2